|
|
|
|
| LEADER |
00000nas a2200000 a 4500 |
| 001 |
ssj0013106 |
| 003 |
WaSeSS |
| 005 |
20200512172242.0 |
| 006 |
m d |
| 007 |
cr n |
| 008 |
000516c19899999nyutr pss 0 0eng c |
| 010 |
|
|
|a 2002238612
|
| 015 |
|
|
|a GBB407242
|2 bnb
|
| 016 |
7 |
|
|a 2001989-0
|2 DE-600
|
| 016 |
7 |
|
|a 011458684
|2 Uk
|
| 022 |
|
|
|a 1469-8021
|l 0954-3945
|y 0954-3945
|
| 030 |
|
|
|a LVCHEX
|
| 035 |
|
|
|a (WaSeSS)ssj0013106
|
| 037 |
|
|
|b Cambridge University Press, The Edinburgh Building, Shaftesbury Road, Cambridge CB2 2RU, United Kingdom
|
| 040 |
|
|
|a EXW
|b eng
|c EXW
|d OCLCQ
|d IUL
|d OCLCQ
|d F#A
|d MUQ
|d OCL
|d UQ1
|d OCLCQ
|d OCLCF
|d VT2
|d EUW
|d OCLCO
|d OCLCQ
|d DEFHM
|d OCLCO
|d OCLCA
|d RCE
|d AU@
|d UKMGB
|d CEF
|d WaSeSS
|
| 042 |
|
|
|a pcc
|
| 050 |
|
4 |
|a P120.V37
|
| 082 |
0 |
4 |
|a 417.7
|
| 130 |
0 |
|
|a Language variation and change (Online)
|
| 245 |
1 |
0 |
|a Language variation and change
|h [electronic resource].
|
| 260 |
|
|
|a [Cambridge, England] :
|b Cambridge University Press
|
| 310 |
|
|
|a Three no. a year
|
| 362 |
1 |
|
|a Print began with vol. 1, no. 1, published in 1989.
|
| 506 |
|
|
|a License restrictions may limit access.
|
| 538 |
|
|
|a Mode of access: World Wide Web.
|
| 588 |
|
|
|a Description based on: Vol. 11, issue 1 (Mar. 1999); title from introductory page, viewed June 13, 2002.
|
| 588 |
|
|
|a Latest issue consulted: Vol. 13, issue 2 (July 2001).
|
| 650 |
|
0 |
|a Language and languages
|x Variation
|v Periodicals.
|
| 650 |
|
0 |
|a Linguistic change
|v Periodicals.
|
| 650 |
|
0 |
|a Psycholinguistics
|v Periodicals.
|
| 650 |
|
6 |
|a Variation (Linguistique)
|v Périodiques.
|
| 650 |
|
6 |
|a Changement linguistique
|v Périodiques.
|
| 650 |
|
7 |
|a Language and languages
|x Variation.
|2 fast
|0 (OCoLC)fst00992272
|
| 650 |
|
7 |
|a Linguistic change.
|2 fast
|0 (OCoLC)fst00999167
|
| 650 |
|
7 |
|a Psycholinguistics.
|2 fast
|0 (OCoLC)fst01081323
|
| 650 |
1 |
7 |
|a Variation de langage.
|2 rasuqam
|
| 650 |
|
7 |
|a Méthode quantitative.
|2 rasuqam
|
| 650 |
|
7 |
|a Psycholinguistique.
|2 rasuqam
|
| 650 |
|
7 |
|a Sociolinguistique.
|2 rasuqam
|
| 650 |
|
7 |
|a Sprachvariante
|2 gnd
|
| 650 |
|
7 |
|a Zeitschrift
|2 gnd
|
| 650 |
|
7 |
|a Online-Ressource
|2 gnd
|
| 650 |
|
7 |
|a Sprachwandel
|2 gnd
|
| 655 |
|
0 |
|a Electronic journals.
|
| 710 |
2 |
|
|a Cambridge University Press.
|
| 776 |
1 |
|
|t Language variation and change
|w (DLC) 93659094
|w (OCoLC)20284878
|
| 853 |
2 |
0 |
|8 1
|a v.
|b issue
|u 3
|v r
|i (year)
|j (month)
|w t
|x 03
|y pm03,07,10
|
| 856 |
4 |
0 |
|z Full text available from Research Library: 03/01/2001 to 1 year ago
|u https://search.proquest.com/publication/31589
|
| 863 |
4 |
1 |
|8 1.1
|a 11
|b 1
|i 1999
|j 03
|